01002cam a22003374i 4500003000900000005001700009008004100026035001800067040003300085082002000118100003400138245004800172264005000220300003800270336002100308337002500329338002300354505015300377526001000530526001000540526001000550526001000560526000800570526000800578526000800586526000800594526000800602526000800610526000800618611003800626PE-LiUPU20250731173438.0150616s1962 cl r 000 0 spa d a(Sirsi) a5583 aPE-LiUPUbspacPE-LiUPUerda04a262.52bK942211 aKüng, Hans,d1928-,eautor.13aEl concilio y la unión de los cristianos. 1aSantiago de Chile :bEditorial HERDER,c1962. a207 páginas ;c20 centímetros atext2rdacontent aunmediated2rdamedia avolume2rdacarrier0 aNecesidad de renovación constante en la iglesias -- El marco de una renovación católica de la iglesia -- El concilio ecumènico y la unión. aSEG42 aSEG41 aSEG40 aSEG39 aP94 aP87 aP86 aP85 aP77 aP76 aP35 aConcilio Vaticano II.d1962-1965.